Kaikki Suomen Varuskunnat - Statistics

Yleistilastot
  • Tätä visaa on pelattu 67 kertaa
    35 viimeisimmän päivityksen jälkeen
  • Keskiarvotulos 15 / 20
Vastaustilastot
Varuskunta Kunta % Oikein
Maavoimat Kaartin jääkärirykmentti Santahamina Helsinki
90%
Maavoimat Kainuun prikaati Hoikankangas Kajaani
90%
Maavoimat Maasotakoulu Lappeenranta, Hamina Lappeenranta, Hamina
90%
Maavoimat Karjalan prikaati Vekaranjärvi Kouvola
87%
Maavoimat Jääkäriprikaati Sodankylä, Someroharju Sodankylä, Rovaniemi
87%
Merivoimat Merisotakoulu Suomenlinna Helsinki
81%
Maavoimat Porin prikaati Huovinrinne Säkylä
81%
Ilmavoimat Satakunnan lennosto Tampere Pirkkala
77%
Ilmavoimat Ilmavoimien esikunta Jyväskylä Jyväskylä
74%
Ilmavoimat Ilmasotakoulu Jyväskylä Jyväskylä
74%
Maavoimat Utin jääkärirykmentti Utti Kouvola
74%
Maavoimat Porin prikaati Niinisalo Kankaanpää
71%
Merivoimat Rannikkoprikaati Upinniemi Kirkkonummi
71%
Merivoimat Uudenmaan prikaati Dragsvik Raasepori
71%
Merivoimat Rannikkolaivasto Pansio, Upinniemi Turku, Kirkkonummi
71%
Maavoimat Maavoimien esikunta Karkialampi Mikkeli
68%
Ilmavoimat Lapin lennosto Someroharju Rovaniemi
68%
Maavoimat Panssariprikaati Parolannummi Hattula
65%
Merivoimat Merivoimien esikunta Heikkilä Turku
65%
Ilmavoimat Karjalan lennosto Rissala Siilinjärvi
52%
Ehtoja vastaavia visoja ei löytynyt
Tulosjakauma
Jokaisen tuloksen saaneiden osuus
Persentiili vastausten määrän mukaan
Tuloshistoriasi
Et ole pelannut tätä visaa sen viimeisimmän päivityksen jälkeen